Every Twenty One Pilots Song on the Billboard Hot 100 - Statistics

General Stats
  • This quiz has been taken 245 times
    191 since last reset
  • The average score is 7 of 11
Answer Stats
# Year Song % Correct
2 2016 Stressed Out
99%
5 2016 Ride
89%
2 2016 Heathens
87%
50 2018 Jumpsuit
67%
23 2020 Level Of Concern
65%
87 2021 Shy Away
61%
82 2015 Tear In My Heart
57%
81 2018 My Blood
45%
79 2018 Nico And The Niners
45%
84 2015 Fairly Local
32%
91 2016 Cancer
14%
No matching quizzes found
Score Distribution
Percent of People with Each Score
Percentile by Number Answered
Your Score History
You have not taken this quiz since the last reset